000 00616nam a22002057a 4500
003 OSt
005 20210415112421.0
008 210310s1979 ||||| |||| 00| 0 eng d
040 _aeng
_beng
_cDLC
041 _aeng
080 _a821.111
_bF-85
100 _9964
_aFraser, MacDonald. George
245 _aFlashman's Lady
_c/ by: A Signet Book, The New American Library
260 _aNew York
_bA Signet Book, The New American Library
_c1979
300 _a312 p.
365 _b2.25 usd
650 0 _9254
_aEnglish literature
653 _aინგლისური ლიტერატურა
942 _2udc
_cBK
999 _c2071
_d2071